| 000 | 00718nam a2200241 a 4500 | ||
|---|---|---|---|
| 003 | DO-SdBNP | ||
| 005 | 20240626124707.0 | ||
| 007 | ta | ||
| 008 | 220615e2014 dr |||gr|||| 001 edspa d | ||
| 020 | _a9781304878557 | ||
| 040 |
_aDO-SdBNP _bspa _cBNPHU |
||
| 082 | 4 |
_222 _bS218s |
|
| 100 | 1 |
_aHernández González, Manuel _d1953- _91762 |
|
| 245 | 1 | 3 |
_aEl sol también partió / _cFrancisco Sandoval |
| 260 |
_aSanto Domingo : _bMediaesla, _c20014. |
||
| 300 |
_a121 p. ; _c23 cm. |
||
| 490 | 1 |
_aPuertas del cielo _v5 |
|
| 500 | _aIncluye datos biográfico del autor en la contracubiertas. | ||
| 590 | _aInventariado 2022 / BT | ||
| 830 | 0 |
_aPuertas del cielo _n5 _981870 |
|
| 910 | _aBtavárez | ||
| 942 |
_2ddc _cLBS1 |
||
| 999 |
_c52051 _d52051 |
||